| 000 | 00765nam a2200193Ia 4500 | ||
|---|---|---|---|
| 005 | 20240530103653.0 | ||
| 008 | 140319s1992 xx 000 0 ara d | ||
| 040 |
_aGCL / _cGCL |
||
| 082 | 0 | 4 |
_a658 / _bم ا |
| 100 | 1 | _aمحمد عبدالله عمر الفلاح | |
| 245 | 1 | 0 |
_aالادارة الذاتية بين النظرية والتطبيق فى القانون الادارى الليبى / _cمحمد عبدالله عمر الفلاح |
| 260 |
_aليبيا : _bالدار الجماهيرية للنشر والتوزيع والاعلان ، _c1992 |
||
| 300 |
_a322ص ؛ _c24 سم |
||
| 650 | 0 | 4 | _aالادارة |
| 650 | 0 | 4 | _aالقانون الادارى |
| 651 | _2ليبيا | ||
| 942 |
_2ddc _cBK |
||
| 999 |
_c41539 _d41539 |
||